ბათუმის შოთა რუსთაველის სახელმწიფო უნივერსიტეტის ბიბლიოთეკა

How to speak about art in english : (ბიბ.ჩანაწერი № 56872)

000 -LEADER
fixed length control field 00892nam a2200193 4500
005 - DATE AND TIME OF LATEST TRANSACTION
control field 20221024153440.0
008 - FIXED-LENGTH DATA ELEMENTS--GENERAL INFORMATION
fixed length control field 190527s1976 enk||||| |||| 00| 0 eng d
041 ## - LANGUAGE CODE
Language code of text/sound track or separate title eng
080 ## - UNIVERSAL DECIMAL CLASSIFICATION NUMBER
Universal Decimal Classification number 811.111 H-84
100 ## - MAIN ENTRY--PERSONAL NAME
Personal name Фалькович, М. М.
9 (RLIN) 1664
245 ## - TITLE STATEMENT
Title How to speak about art in english :
Remainder of title Пособие по разв. нвыков устной речи /
Statement of responsibility, etc. Фалькович М. Лебединская Е. Стрелкова, Н. Цигельная А.
264 ## - PRODUCTION, PUBLICATION, DISTRIBUTION, MANUFACTURE, AND COPYRIGHT NOTICE
Place of production, publication, distribution, manufacture Москва:
Name of producer, publisher, distributor, manufacturer Международные отношения,
Date of production, publication, distribution, manufacture, or copyright notice 1976.
300 ## - PHYSICAL DESCRIPTION
Extent 214 стр.;
Other physical details 21 cm.
653 ## - INDEX TERM--UNCONTROLLED
keyword ინგლისური ენა
700 ## - ADDED ENTRY--PERSONAL NAME
Personal name Фалькович, М., ,, Цигельная А.
Relator term ავტორი
9 (RLIN) 1665
700 ## - ADDED ENTRY--PERSONAL NAME
Personal name Лебединская, Е.
Relator term ავტორი
9 (RLIN) 1666
700 ## - ADDED ENTRY--PERSONAL NAME
Personal name Стрелкова, Н. и др.
Relator term ავტორი
9 (RLIN) 1667
942 ## - ADDED ENTRY ELEMENTS (KOHA)
Source of classification or shelving scheme
Koha item type წიგნი
ეგზემპლარები
Withdrawn status Lost status Source of classification or shelving scheme Damaged status Not for loan Permanent Location Current Location Shelving location Date acquired Cost, normal purchase price Full call number Barcode Date last seen Copy number Price effective from Koha item type Public note
          ბათუმის შოთა რუსთაველის სახელმწიფო უნივერსიტეტის მთავარი ბიბლიოთეკა ბათუმის შოთა რუსთაველის სახელმწიფო უნივერსიტეტის მთავარი ბიბლიოთეკა წიგნსაცავი 2019-05-27 7.00 811.111 H-84 4374 2019-05-27 4374 2019-05-27 წიგნი 7 ლ.